01093cam a22002655a 4500001001000000003000400010005001700014008004100031020001800072040003600090082001900126111008500145245008300230260003400313300002900347490005400376504005100430650007100481650006900552653002600621700002900647942000800676999001700684952012600701017850621OSt20160927121448.0160421s2016 maua frb 101 0 eng d a9781784660819 aStDuBDSbengcStDuBDSdEG-ScBUE04a355.7222bDEF2 aInternational Conference on Defence Sites: Heritage and Futuren(3rd),jcreator.10aDefence sites III :bheritage and future /ceditors C. A. Brebbia ... [et al.] aBoston :bWIT Press,cc.2016. a169 p. :bill. ;c23 cm.0 aWIT transactions on the built environment ;v158. aIncludes bibliographical references and index. 7aMilitary basesxDesign and constructionvCongresses.2BUEsh941256 7aMilitary basesxEnvironmental aspectsvCongresses.2BUEsh941257 bENGGENcSeptember20161 aBrebbia, C. A.,eeditor. 2ddc c22419d22391 00102ddc40708BaccahaMAINbMAINc1STd2016-09-27ePurchaseg1750.00l0o355.7 DEFp000033653r2025-07-15 00:00:00yNB